000 00735nam a2200217 i 4500
001 129022
003 ES-MaACL
005 20250717094524.0
007 t|
008 070604s1946 ag ||||1| spa d
080 _a618.2
100 1 _aTaylor Gorostiaga, Diego.
_9109478
245 1 0 _aObstetricia de urgencia
_b: síndromes hemorrágicos /
_cpor Diego Taylor Gorostiaga, Roberto Enrique Lede ; prólogo de Victorio Monteverde.
260 _aBuenos Aires :
_bLópez y Etchegoyen,
_c1946.
300 _a419 p. :
_bil. ;
_c23 cm.
650 7 _aObstetricia
_2embne
_915676
700 1 _aLede, Roberto Enrique.
_971133
700 1 _aMonteverde, Victorio.
_982620
852 _aES-MaACL
_jE-1745
_bR.22603
999 _c129022
_d129022